000 00528cam a22002051 4500
001 2168452
005 20180213080306.0
008 730102s1965 ilu b 000 0 eng
010 _a 65017731
040 _aDLC
_cDLC
_dDLC
041 _aeng
080 _a370.193 GOS
082 0 0 _a370.193 GOS
100 1 _a47
101 _aEDU
245 1 4 _aThe school in contemporary society
_c[by] David A. Goslin.
504 _aBibliography: p. 163-168.
906 _a7
_bcbc
_corignew
_du
_eocip
_f19
_gy-gencatlg
942 _2ddc
_cBK
999 _c42399
_d42399